[Event "Senioren 2018"]
[Site "Bad Woerishofen"]
[Date "2018.02.25"]
[Round "3"]
[White "Rubke, Manfred"]
[Black "Klett, Thomas"]
[Result "1-0"]
[WhiteElo "2114"]
[BlackElo "1870"]
[PlyCount "79"]
[EventDate "2018.??.??"]
[WhiteTeam "TSV Haunstetten"]
[BlackTeam "SV Urach"]

1. c4 e5 2. e4 Nc6 3. Nf3 d6 4. h3 g6 5. d4 Bg7 6. d5 Nd4 7. Nxd4 exd4 8. Bd3
c5 9. O-O Ne7 10. f4 f5 11. exf5 Bxf5 12. Bxf5 Nxf5 13. Re1+ Kf7 14. Nd2 Ne3
15. Qb3 Qb6 16. Qd3 Rhe8 17. Nf3 Bf6 18. Rb1 Qa6 19. Bxe3 Rxe3 20. Rxe3 dxe3
21. Re1 Qxa2 22. Qxe3 Qxb2 23. Qe6+ Kg7 24. Qxd6 Qb6 25. Qd7+ Kg8 26. Ng5 Bxg5
27. fxg5 Rd8 28. Re8+ Rxe8 29. Qxe8+ Kg7 30. Qe5+ Kf7 31. Kh2 Qd8 32. d6 a5 33.
Qxc5 b6 34. Qd5+ Kf8 35. Qe5 Kf7 36. Qd5+ Kf8 37. h4 h6 38. Qf3+ Ke8 39. Qe4+
Kf7 40. Qf4+ 1-0

[Event "Senioren 2018"]
[Site "Bad Woerishofen"]
[Date "2018.02.25"]
[Round "3"]
[White "Rueberg, Jobst"]
[Black "Helbig, Dieter"]
[Result "1-0"]
[WhiteElo "2086"]
[BlackElo "1784"]
[PlyCount "69"]
[EventDate "2018.??.??"]
[WhiteTeam "SV Ahlen"]
[BlackTeam "SK Weilheim"]

1. e4 c5 2. Nf3 Nc6 3. c3 d5 4. e5 e6 5. d4 c4 6. b3 b5 7. a4 Na5 8. Nfd2 a6 9.
axb5 axb5 10. b4 f6 11. exf6 Nxf6 12. Be2 Bd6 13. Rxa5 Rxa5 14. bxa5 Qxa5 15.
O-O O-O 16. Bb2 b4 17. cxb4 Bxb4 18. Qc1 Bd7 19. Bc3 Ra8 20. h3 Bxc3 21. Nxc3
Qb4 22. Bf3 Re8 23. Qa1 Qb6 24. Ne2 g5 25. Qc3 h5 26. Qe3 g4 27. hxg4 hxg4 28.
Bxg4 Nxg4 29. Qg5+ Kf7 30. Qxg4 Rg8 31. Qf4+ Ke7 32. Nf3 Rf8 33. Qh4+ Rf6 34.
Ne5 Be8 35. Ng4 1-0

[Event "Senioren 2018"]
[Site "Bad Woerishofen"]
[Date "2018.02.25"]
[Round "3"]
[White "Schinnerl, Werner"]
[Black "Kelemen, Norbert"]
[Result "1-0"]
[WhiteElo "1866"]
[BlackElo "1661"]
[PlyCount "35"]
[EventDate "2018.??.??"]
[BlackTeam "SC Weiße Dame Ulm"]

1. e4 c5 2. Nf3 Nc6 3. d4 cxd4 4. Nxd4 g6 5. c4 Nf6 6. Nc3 d6 7. Be2 Nxd4 8.
Qxd4 Bg7 9. Be3 O-O 10. Qd3 Be6 11. O-O a6 12. f4 Rc8 13. Nd5 Nd7 14. Bd4 Nc5
15. Qe3 Bxd5 16. exd5 e5 17. fxe5 dxe5 18. Bxc5 1-0

[Event "Senioren 2018"]
[Site "Bad Woerishofen"]
[Date "2018.02.25"]
[Round "3"]
[White "Schmidt, Eugen"]
[Black "Villing, Dieter"]
[Result "0-1"]
[WhiteElo "1985"]
[BlackElo "2094"]
[PlyCount "62"]
[EventDate "2018.??.??"]
[WhiteTeam "SC Iffezheim"]
[BlackTeam "SK Ludwigshafen"]

1. e4 d6 2. d4 Nf6 3. Nd2 e5 4. d5 Nbd7 5. g3 Nc5 6. Bg2 a5 7. Ne2 Be7 8. O-O
h5 9. h3 c6 10. c4 cxd5 11. cxd5 Bd7 12. Nc3 b5 13. Nb3 Nb7 14. a4 b4 15. Nb1
Qc8 16. Be3 Bxh3 17. f3 Bxg2 18. Kxg2 h4 19. g4 h3+ 20. Kh2 Qd7 21. N1d2 Rc8
22. Qb1 O-O 23. Qd3 Nh7 24. Nc4 Bd8 25. Nb6 Bxb6 26. Bxb6 Ra8 27. Rfc1 Rfc8 28.
Rxc8+ Rxc8 29. Bxa5 Nxa5 30. Nxa5 Qa7 31. Nc6 Qf2+ 0-1

[Event "Senioren 2018"]
[Site "Bad Woerishofen"]
[Date "2018.02.25"]
[Round "3"]
[White "Schulz, Franz"]
[Black "Titz, Waldemar"]
[Result "1/2-1/2"]
[WhiteElo "1630"]
[BlackElo "1770"]
[PlyCount "54"]
[EventDate "2018.??.??"]
[WhiteTeam "SV Ebersbach"]
[BlackTeam "SV Rottweil"]

1. b4 e5 2. a3 Nf6 3. Bb2 d6 4. e3 Be7 5. Be2 O-O 6. c4 b6 7. Bf3 c6 8. d3 Bb7
9. Nd2 Nbd7 10. Ne2 d5 11. Rc1 Rc8 12. Ng3 g6 13. O-O Re8 14. Qb3 Bf8 15. Rc2
Qe7 16. Rfc1 Qe6 17. cxd5 cxd5 18. Rxc8 Rxc8 19. Rxc8 Bxc8 20. Qc3 Ba6 21. h3
Bd6 22. Bd1 Bb7 23. Nf3 Qe7 24. Ba4 Qd8 25. Nd2 Qc7 26. Ne2 a6 27. Bb3 b5
1/2-1/2

[Event "Senioren 2018"]
[Site "Bad Woerishofen"]
[Date "2018.02.25"]
[Round "3"]
[White "Traversi, Carlo"]
[Black "Di Lazzaro, Gabriele"]
[Result "1/2-1/2"]
[WhiteElo "1537"]
[BlackElo "1899"]
[PlyCount "39"]
[EventDate "2018.??.??"]

1. Nf3 d5 2. d4 e6 3. e3 Nd7 4. Nbd2 c5 5. c3 Ngf6 6. Bd3 Bd6 7. e4 dxe4 8.
Nxe4 Nxe4 9. Bxe4 Nf6 10. Bg5 cxd4 11. Qxd4 Be7 12. Bxf6 Bxf6 13. Qxd8+ Bxd8
14. O-O O-O 15. Rad1 f5 16. Bc2 b6 17. Bb3 Bf6 18. Rfe1 Re8 19. Ne5 Bxe5 20.
Rxe5 1/2-1/2

[Event "Senioren 2018"]
[Site "Bad Woerishofen"]
[Date "2018.02.25"]
[Round "3"]
[White "Zwetz, Anita"]
[Black "Giacchino, Claudio"]
[Result "1-0"]
[WhiteElo "1842"]
[BlackElo "1650"]
[PlyCount "133"]
[EventDate "2018.??.??"]
[WhiteTeam "TSV Kareth-Lappersdorf"]

1. d4 d5 2. Nf3 Nf6 3. Bg5 e6 4. e3 Be7 5. Bd3 Nbd7 6. Nbd2 c5 7. c3 c4 8. Bc2
b5 9. Qe2 a5 10. e4 dxe4 11. Nxe4 Bb7 12. Nxf6+ Nxf6 13. O-O O-O 14. Bd2 Rc8
15. Rae1 b4 16. Ne5 Qd5 17. f4 Rfe8 18. Qf2 Qb5 19. Re3 Qd5 20. Re2 b3 21. axb3
cxb3 22. Bd3 a4 23. c4 Qd8 24. f5 exf5 25. Bxf5 Ra8 26. Bc3 a3 27. bxa3 Rxa3
28. d5 Qc7 29. Qg3 Bc8 30. Bb1 Ra6 31. Qd3 g6 32. Nc6 Bc5+ 33. Kh1 Bf5 34.
Rxe8+ Nxe8 35. Qe2 Ng7 36. Bxf5 gxf5 37. Rxf5 Bf8 38. Rf1 Ra8 39. Qb2 Qb7 40.
Na5 Qc7 41. Nc6 Qb7 42. Ra1 Rxa1+ 43. Qxa1 Qd7 44. Nd4 Qc7 45. Qf1 h6 46. Nxb3
Bd6 47. Qf6 Bf8 48. Nd2 Qc5 49. Qd4 Qe7 50. Qe5 Qc5 51. Qe1 Nf5 52. Qe4 Qf2 53.
Qf3 Qxf3 54. Nxf3 Bd6 55. g3 Kf8 56. Bd2 Kg7 57. Kg2 h5 58. Ng5 Kg6 59. Ne4 Bb8
60. c5 Nd4 61. Bc3 Nb5 62. Ba5 f5 63. Nc3 Nxc3 64. Bxc3 Kf7 65. Kf3 Ke7 66. Bd2
Ba7 67. Be3 1-0

[Event "Senioren 2018"]
[Site "Bad Woerishofen"]
[Date "2018.02.26"]
[Round "4"]
[White "Birkestrand, Odd"]
[Black "Schulz, Franz"]
[Result "1-0"]
[WhiteElo "1686"]
[BlackElo "1630"]
[PlyCount "103"]
[EventDate "2018.??.??"]
[BlackTeam "SV Ebersbach"]

1. e4 e5 2. Nf3 d6 3. d4 exd4 4. Nxd4 Bd7 5. Be2 Nc6 6. Be3 g6 7. O-O Bg7 8. c3
Nf6 9. Nd2 a6 10. Rc1 O-O 11. f4 Re8 12. Bd3 Ng4 13. Nxc6 Nxe3 14. Nxd8 Nxd1
15. Rcxd1 Raxd8 16. Rde1 h5 17. Nf3 b5 18. a3 Re7 19. f5 Kh7 20. fxg6+ fxg6 21.
Ng5+ Kh6 22. Nf7+ Rxf7 23. Rxf7 c5 24. Ref1 c4 25. Bc2 Bc8 26. Rc7 Be5 27. h4
Bg3 28. Rff7 Bxh4 29. Kh2 Be1 30. Ra7 Kg5 31. Ra8 Be6 32. Rxd8 Bxf7 33. Rxd6 h4
34. Kg1 Bg3 35. Rxa6 Be8 36. Re6 Bd7 37. Re7 Bc6 38. e5 Bf4 39. Re6 Be3+ 40.
Kf1 Bd5 41. Rxg6+ Kf4 42. e6 Bc5 43. Rh6 Ke5 44. Rxh4 Kxe6 45. Be4 Be3 46.
Bxd5+ Kxd5 47. Rh5+ Kc6 48. Re5 Bc1 49. Re2 Bf4 50. Kf2 Bd6 51. Re6 Kd7 52.
Rxd6+ 1-0

[Event "Senioren 2018"]
[Site "Bad Woerishofen"]
[Date "2018.02.26"]
[Round "4"]
[White "Blutharsch, Walter"]
[Black "Keller, Harald"]
[Result "0-1"]
[WhiteElo "1860"]
[BlackElo "2055"]
[PlyCount "84"]
[EventDate "2018.??.??"]
[WhiteTeam "VfL Sindelfingen"]
[BlackTeam "SV Rottweil"]

1. e4 Nf6 2. Nc3 d5 3. exd5 Nxd5 4. d4 c6 5. Bc4 g6 6. Nge2 Bg7 7. O-O O-O 8.
Bg5 Be6 9. Bb3 h6 10. Bd2 Nd7 11. Qc1 Kh7 12. Re1 N7f6 13. Ng3 Nc7 14. Nce2
Bxb3 15. axb3 Ne6 16. c3 c5 17. dxc5 Nxc5 18. Qc2 Qd3 19. Qxd3 Nxd3 20. Reb1 h5
21. f3 a6 22. Nf1 e5 23. Nc1 Rad8 24. Bg5 Nc5 25. Be3 Ne6 26. Ne2 Rd3 27. Rd1
Rfd8 28. Rxd3 Rxd3 29. Re1 Bf8 30. Nc1 Rd7 31. b4 e4 32. Kf2 exf3 33. gxf3 g5
34. Ne2 Kg6 35. Nd2 Bd6 36. h3 Nd5 37. Nc4 Bc7 38. Bc1 b5 39. Ne3 Ndf4 40.
Nxf4+ Nxf4 41. Rh1 Bb6 42. h4 Nd3+ 0-1

[Event "Senioren 2018"]
[Site "Bad Woerishofen"]
[Date "2018.02.26"]
[Round "4"]
[White "Collins, Alan"]
[Black "Braeu, Emmi"]
[Result "1-0"]
[WhiteElo "1641"]
[BlackElo "1519"]
[PlyCount "51"]
[EventDate "2018.??.??"]
[BlackTeam "SK Marktoberdorf"]

1. f4 c5 2. Nf3 Nc6 3. d3 Nf6 4. g3 d5 5. Bg2 e6 6. O-O Bd6 7. Na3 O-O 8. c3 a6
9. Nc2 Rb8 10. Qe1 Re8 11. e4 dxe4 12. dxe4 e5 13. f5 b5 14. Bg5 Be7 15. Rd1
Qb6 16. Bxf6 Bxf6 17. Ne3 c4 18. Kh1 Ne7 19. Ng4 Bb7 20. Nfxe5 Red8 21. Nxf6+
gxf6 22. Nd7 Qa5 23. Nxb8 Rxb8 24. a3 Nc6 25. Qe2 Ne5 26. Rf4 1-0

[Event "Senioren 2018"]
[Site "Bad Woerishofen"]
[Date "2018.02.26"]
[Round "4"]
[White "Daeubler, Heinrich"]
[Black "Heppell, Ian N"]
[Result "1-0"]
[WhiteElo "2182"]
[BlackElo "2035"]
[PlyCount "129"]
[EventDate "2018.??.??"]
[WhiteTeam "SC Haselmühl"]

1. d4 d6 2. Nf3 Bg4 3. e4 Nf6 4. h3 Bh5 5. Bd3 Nbd7 6. Nc3 e5 7. Be3 Be7 8. Qe2
c6 9. O-O-O Qa5 10. g4 Bg6 11. Kb1 O-O-O 12. Nd2 Kb8 13. f4 h6 14. Qf2 Ka8 15.
Nc4 Qc7 16. dxe5 dxe5 17. Bxa7 b5 18. Nb6+ Kb7 19. Nxd7 Nxd7 20. Be3 f6 21. Ne2
Ra8 22. c4 bxc4 23. Bc2 Rhd8 24. f5 Bf7 25. Nc3 Qa5 26. Na4 c3 27. Bb3 Bxb3 28.
axb3 Qb4 29. bxc3 Qxb3+ 30. Qb2 Qxb2+ 31. Nxb2 Kc7 32. Kc2 Rdb8 33. Ra1 Bc5 34.
Bd2 Bd6 35. Na4 Nc5 36. Nxc5 Bxc5 37. Rhb1 Bf2 38. Rxb8 Rxb8 39. Rb1 Ra8 40.
Bc1 Bc5 41. Bd2 Ra2+ 42. Kd3 Bf2 43. Rh1 Ra8 44. h4 Rh8 45. Ke2 Bc5 46. Rh2 Kb6
47. Rh3 Kc7 48. Rg3 Kd7 49. Be1 Ke7 50. Kd1 Ra8 51. Ke2 Ra7 52. Bd2 Ra4 53. Kd3
Ra1 54. g5 hxg5 55. hxg5 Rg1 56. Rxg1 Bxg1 57. g6 Bc5 58. Bc1 Kd7 59. Kc4 Bd6
60. Be3 Kc7 61. Bc5 Kd7 62. Bxd6 Kxd6 63. Kb4 Kd7 64. Kc5 Kc7 65. c4 1-0

[Event "Senioren 2018"]
[Site "Bad Woerishofen"]
[Date "2018.02.26"]
[Round "4"]
[White "De Polzer, Manfredi"]
[Black "Erdmann, Wolfgang"]
[Result "1/2-1/2"]
[WhiteElo "1515"]
[BlackElo "1731"]
[PlyCount "102"]
[EventDate "2018.??.??"]
[BlackTeam "SC Roter Turm Altstadt"]

1. Nf3 d5 2. e3 Nf6 3. c4 c6 4. b4 e6 5. Qb3 Be7 6. Bb2 O-O 7. Bd3 Nbd7 8. Bc2
b6 9. a3 Bb7 10. d4 Re8 11. Nbd2 Nf8 12. O-O N6d7 13. Rac1 f5 14. cxd5 cxd5 15.
Bd3 Nf6 16. Bb5 N8d7 17. Ne5 Rf8 18. Rc2 Bd6 19. Rfc1 a6 20. Be2 b5 21. h3 Ne4
22. Nf1 Nb6 23. f3 Nf6 24. Qc3 Nc4 25. Nxc4 bxc4 26. Qe1 Nh5 27. f4 Nf6 28. Bf3
h6 29. Nd2 Bc6 30. Bc3 Nh7 31. Rb2 g5 32. Nxc4 Bb5 33. Nxd6 Qxd6 34. g3 Nf6 35.
Rg2 Rf7 36. Be2 Rg7 37. Bb2 gxf4 38. exf4 Ne4 39. Bxb5 axb5 40. Kh2 Qd7 41. Qe2
Kh7 42. Qf3 Rag8 43. Rcg1 Rg6 44. g4 R8g7 45. g5 hxg5 46. fxg5 Kg8 47. Qf4 Qd8
48. h4 Rh7 49. Bc1 Rh5 50. Kh3 Kf7 51. Rc2 Nd6 1/2-1/2

[Event "Senioren 2018"]
[Site "Bad Woerishofen"]
[Date "2018.02.26"]
[Round "4"]
[White "Eichler, Gottfried"]
[Black "Straesser, Gerda"]
[Result "1-0"]
[WhiteElo "2025"]
[BlackElo "1658"]
[PlyCount "59"]
[EventDate "2018.??.??"]
[WhiteTeam "SV Bad Bevensen"]
[BlackTeam "SV Rottweil"]

1. f4 e6 2. Nf3 d5 3. e3 Nf6 4. b3 Be7 5. Bb2 Nbd7 6. Be2 O-O 7. O-O b6 8. Qe1
Bb7 9. d3 c5 10. Nbd2 Rc8 11. Ne5 g6 12. Ndf3 Nxe5 13. fxe5 Ne8 14. Rd1 d4 15.
e4 b5 16. Bc1 b4 17. Bh6 Ng7 18. Qg3 f6 19. exf6 Bxf6 20. Ng5 Bxg5 21. Rxf8+
Qxf8 22. Qxg5 Qf7 23. Rf1 Qe8 24. Qe5 Qe7 25. Bg4 Re8 26. Bg5 Qd7 27. Qxc5 Rc8
28. Qxb4 h5 29. Bh3 Re8 30. Bf6 1-0

[Event "Senioren 2018"]
[Site "Bad Woerishofen"]
[Date "2018.02.26"]
[Round "4"]
[White "Giacchino, Claudio"]
[Black "Gepting, Konrad"]
[Result "1-0"]
[WhiteElo "1650"]
[BlackElo "1585"]
[PlyCount "111"]
[EventDate "2018.??.??"]
[BlackTeam "SK Marktoberdorf"]

1. e4 b6 2. d4 Bb7 3. Nc3 e6 4. Nf3 h6 5. Bd3 d6 6. O-O Nd7 7. h3 Ne7 8. Qe2
Qc8 9. Be3 a6 10. Rad1 c5 11. d5 e5 12. a4 Ng6 13. b3 Be7 14. Qd2 Nf6 15. Be2
Nxe4 16. Nxe4 f5 17. Nxe5 Nxe5 18. Ng3 g6 19. Bxh6 Nf7 20. Bg7 Rh7 21. Qc3 Qc7
22. Bf6 O-O-O 23. f4 Qd7 24. Bf3 Nh6 25. Rfe1 Re8 26. Re2 Ng8 27. Bxe7 Rexe7
28. Rxe7 Qxe7 29. Re1 Qd8 30. Re6 Ne7 31. Qf6 Kc7 32. c4 Bc8 33. Re2 Bd7 34. h4
Qe8 35. Qg5 Qf7 36. h5 gxh5 37. Bxh5 Qf8 38. Bf3 Rg7 39. Qh6 Qg8 40. Qf6 Rxg3
41. Rxe7 Rg6 42. Qxf5 Qe8 43. Rxd7+ Kb8 44. Qe4 Qxe4 45. Bxe4 Rg3 46. Bf3 Rg6
47. Re7 Rf6 48. g3 b5 49. axb5 axb5 50. Re6 Rf7 51. Rxd6 Rb7 52. Re6 bxc4 53.
bxc4 Rb3 54. Kg2 Rb2+ 55. Kh3 Rb3 56. Kg4 1-0

[Event "Senioren 2018"]
[Site "Bad Woerishofen"]
[Date "2018.02.26"]
[Round "4"]
[White "Gottwald, Helmut"]
[Black "Dallmeier, Gerhard"]
[Result "1/2-1/2"]
[WhiteElo "1569"]
[BlackElo "1790"]
[PlyCount "48"]
[EventDate "2018.??.??"]
[WhiteTeam "SV Dicker Turm Esslingen"]
[BlackTeam "Roland Weißenfels"]

1. e4 c5 2. Nf3 d6 3. Bb5+ Bd7 4. Qe2 a6 5. Bxd7+ Nxd7 6. e5 dxe5 7. Nxe5 Ngf6
8. O-O Qc7 9. Re1 e6 10. Nxd7 Qxd7 11. Nc3 Bd6 12. Ne4 Nxe4 13. Qxe4 O-O 14. d3
Qc7 15. g3 Rae8 16. f4 f5 17. Qg2 Qf7 18. Bd2 h5 19. h4 Qc7 20. Bc3 Qf7 21. Be5
Bxe5 22. Rxe5 Qd7 23. Qf2 b6 24. Rae1 Rf6 1/2-1/2

[Event "Senioren 2018"]
[Site "Bad Woerishofen"]
[Date "2018.02.26"]
[Round "4"]
[White "Henrichsen, Erland"]
[Black "Knischka, Walter"]
[Result "1/2-1/2"]
[WhiteElo "2009"]
[BlackElo "1807"]
[PlyCount "94"]
[EventDate "2018.??.??"]
[BlackTeam "SK Obergünzburg"]

1. e4 g6 2. d4 Bg7 3. Nc3 d6 4. Nf3 Bg4 5. Be3 a6 6. Bc4 e6 7. a4 Ne7 8. h3
Bxf3 9. Qxf3 c6 10. O-O d5 11. exd5 cxd5 12. Bd3 Nbc6 13. Ne2 Nb4 14. Rfd1 Rc8
15. c3 Nxd3 16. Rxd3 h6 17. Bf4 O-O 18. g4 g5 19. Be5 Ng6 20. Bxg7 Kxg7 21. Re3
Rc6 22. Qg3 Qd6 23. Qxd6 Rxd6 24. Rf1 f5 25. f4 gxf4 26. Nxf4 Nxf4 27. Rxf4
fxg4 28. Rxg4+ Kh7 29. Reg3 Rf7 30. h4 Rdd7 31. a5 Rf6 32. Kg2 Rdf7 33. Kh3 Rf1
34. Rg2 R1f3+ 35. R4g3 Rf1 36. Rg1 R1f2 37. R1g2 Rf1 38. Rg1 R1f2 39. b3 Rc2
40. Re1 Re7 41. Ree3 Ra2 42. b4 Rf2 43. Re5 Rf5 44. Rge3 Rxe5 45. Rxe5 Kg6 46.
Kg3 Kf6 47. Kf4 Rg7 1/2-1/2

[Event "Senioren 2018"]
[Site "Bad Woerishofen"]
[Date "2018.02.26"]
[Round "4"]
[White "Hohler, Peter"]
[Black "Reimann, Guenther"]
[Result "1-0"]
[WhiteElo "2105"]
[BlackElo "1893"]
[PlyCount "73"]
[EventDate "2018.??.??"]
[BlackTeam "SC Magstadt"]

1. Nf3 e6 2. d3 f5 3. e4 d6 4. Nc3 Be7 5. d4 Nf6 6. e5 dxe5 7. Nxe5 Nbd7 8.
Nxd7 Bxd7 9. Bc4 Bb4 10. O-O Bxc3 11. bxc3 O-O 12. Ba3 Re8 13. Re1 Kh8 14. f3
b5 15. Bf1 a5 16. Re5 c6 17. Qd2 h6 18. Rae1 Qc7 19. Bd3 Rg8 20. Bc5 Rae8 21.
c4 bxc4 22. Bxc4 Nd5 23. Bb3 Rb8 24. c4 Nf6 25. Ba4 Kh7 26. Ba3 Ra8 27. Rb1 g5
28. Kh1 g4 29. Bc2 gxf3 30. gxf3 Rg6 31. Rg1 Rxg1+ 32. Kxg1 Qd8 33. Kh1 Qc7 34.
Qf4 Ng8 35. Rxf5 Qxf4 36. Rf7+ Kh8 37. Rh7# 1-0

[Event "Senioren 2018"]
[Site "Bad Woerishofen"]
[Date "2018.02.26"]
[Round "4"]
[White "Johnsen, Oystein"]
[Black "Gulinelli, Euro"]
[Result "1-0"]
[WhiteElo "1998"]
[BlackElo "1532"]
[PlyCount "161"]
[EventDate "2018.??.??"]

1. d4 Nf6 2. Bf4 d6 3. h3 Nbd7 4. Nf3 c5 5. e3 Qa5+ 6. c3 b5 7. Nbd2 Bb7 8. Bd3
c4 9. Bc2 g6 10. O-O Bg7 11. Re1 O-O 12. e4 Nh5 13. Bh2 e5 14. dxe5 dxe5 15.
Nxc4 bxc4 16. Qxd7 Rab8 17. Qa4 Qc5 18. Bd1 Bc6 19. Qc2 Rfe8 20. b4 cxb3 21.
axb3 Rbd8 22. b4 Qb6 23. Ra5 Nf4 24. Bxf4 exf4 25. e5 Bxf3 26. Bxf3 Re7 27. Qa2
Kf8 28. Ra6 Qb8 29. Rb1 Bxe5 30. c4 Bc3 31. Qa3 Bg7 32. Bd5 Rde8 33. b5 Kg8 34.
Qa5 Bd4 35. Bf3 Bc5 36. Rc6 Bb6 37. Qc3 Qe5 38. Qb4 Qd4 39. Rf1 Re5 40. Qd6
Qxd6 41. Rxd6 Rc5 42. Bd5 Re7 43. Ra1 Kg7 44. Kf1 Bc7 45. Rda6 Bb6 46. R6a2 g5
47. Re1 Rcc7 48. Rae2 Bc5 49. Bc6 Rxe2 50. Rxe2 Re7 51. Rd2 Bb4 52. Rd1 h6 53.
Bf3 Rc7 54. Be2 Bc5 55. Rd5 Kf6 56. Bd3 Kg7 57. f3 Kf6 58. Ke2 Kg7 59. Kd2 Be3+
60. Kc3 Bc5 61. Kb3 f6 62. Ka4 Kf7 63. Be4 Kg7 64. Ka5 Bb6+ 65. Kb4 Bf2 66. c5
Be1+ 67. Kc4 Bf2 68. Bf5 Kf7 69. Bd7 Bxc5 70. Rxc5 Rxd7 71. Kb4 Ke7 72. Ka5 Rd2
73. Rc7+ Kd6 74. Rxa7 Kc5 75. Rc7+ Kd6 76. Kb6 Rxg2 77. Rc6+ Ke5 78. Kc7 g4 79.
hxg4 Rf2 80. b6 Rxf3 81. b7 1-0

[Event "Senioren 2018"]
[Site "Bad Woerishofen"]
[Date "2018.02.26"]
[Round "4"]
[White "Kalepky, Helmut"]
[Black "Braeu, Wolfgang"]
[Result "1-0"]
[WhiteElo "1974"]
[BlackElo "1878"]
[PlyCount "71"]
[EventDate "2018.??.??"]
[WhiteTeam "SF Heidesheim"]
[BlackTeam "SF Buchenberg"]

1. e4 g6 2. Nc3 Bg7 3. f4 d6 4. Bc4 e6 5. Nf3 Ne7 6. Qe2 O-O 7. d3 c5 8. O-O
Nbc6 9. Be3 d5 10. Bxd5 exd5 11. Bxc5 Re8 12. e5 Bg4 13. h3 Bxf3 14. Qxf3 Qd7
15. g4 f6 16. d4 b6 17. Bxe7 Nxe7 18. Rae1 fxe5 19. dxe5 Rf8 20. Qd3 a6 21. Rd1
Rad8 22. Qxa6 g5 23. f5 Bxe5 24. Rfe1 Bxc3 25. bxc3 Qd6 26. Kg2 Rf6 27. Qd3 h6
28. Rd2 Rc8 29. Rde2 Rc7 30. Re6 Rxe6 31. Rxe6 Qa3 32. f6 Kf7 33. fxe7 Kxe6 34.
e8=Q+ Re7 35. Qc6+ Kf7 36. Qdg6+ 1-0

[Event "Senioren 2018"]
[Site "Bad Woerishofen"]
[Date "2018.02.26"]
[Round "4"]
[White "Kelemen, Norbert"]
[Black "Chochoy, Patrick"]
[Result "0-1"]
[WhiteElo "1661"]
[BlackElo "1604"]
[PlyCount "68"]
[EventDate "2018.??.??"]
[WhiteTeam "SC Weiße Dame Ulm"]

1. c4 c5 2. g3 Nf6 3. Bg2 d5 4. cxd5 Nxd5 5. Nc3 Nc7 6. Nf3 Nc6 7. d3 e5 8. O-O
Be7 9. a3 O-O 10. b3 f6 11. Bb2 Be6 12. Rc1 Rc8 13. Nd2 Qd7 14. Nce4 b6 15. Nc4
Nb5 16. Nc3 Nbd4 17. e3 Nf5 18. Qe2 Nh6 19. Ne4 Bg4 20. f3 Be6 21. Rfd1 Nf5 22.
Qf2 Rcd8 23. Nc3 Nh6 24. Ne2 Nf5 25. Rd2 b5 26. Nxe5 Nxe5 27. Bxe5 fxe5 28. Nc3
c4 29. d4 cxb3 30. d5 Bxa3 31. Rcd1 Bf7 32. g4 Nd6 33. e4 Rc8 34. Nb1 Bc5 0-1

[Event "Senioren 2018"]
[Site "Bad Woerishofen"]
[Date "2018.02.26"]
[Round "4"]
[White "Klett, Thomas"]
[Black "Schmidt, Eugen"]
[Result "0-1"]
[WhiteElo "1870"]
[BlackElo "1985"]
[PlyCount "88"]
[EventDate "2018.??.??"]
[WhiteTeam "SV Urach"]
[BlackTeam "SC Iffezheim"]

1. c4 Nf6 2. Nc3 g6 3. g3 Bg7 4. Bg2 c6 5. e4 d6 6. Nge2 e5 7. O-O O-O 8. d3 h6
9. b4 Bg4 10. h3 Bd7 11. Be3 Na6 12. Rb1 Nc7 13. b5 Ne6 14. Qd2 Kh7 15. f4 Nh5
16. f5 Nd4 17. g4 Nxe2+ 18. Nxe2 Nf6 19. g5 hxg5 20. Bxg5 Rh8 21. Ng3 Kg8 22.
Qf2 Ng4 23. Bxd8 Nxf2 24. Bg5 Nxh3+ 25. Bxh3 Rxh3 26. Kg2 Rh7 27. Be7 Bf8 28.
Bf6 cxb5 29. cxb5 Rc8 30. a4 Rc2+ 31. Rf2 Rc3 32. Rbb2 b6 33. Rfc2 Rc5 34. Kf3
gxf5 35. exf5 Bc8 36. Rg2 Bg7 37. Ne4 Bb7 38. Be7 Kh8 39. Rh2 Bxe4+ 40. dxe4
Rc3+ 41. Kg4 Bh6 42. Bxd6 Rg7+ 43. Kh5 Bf4 44. f6 Rh7+ 0-1

[Event "Senioren 2018"]
[Site "Bad Woerishofen"]
[Date "2018.02.26"]
[Round "4"]
[White "Luebbers, Doris"]
[Black "Kirchner, Ulrich"]
[Result "0-1"]
[WhiteElo "1541"]
[BlackElo "1643"]
[PlyCount "92"]
[EventDate "2018.??.??"]
[WhiteTeam "SF Taunus"]
[BlackTeam "SF Blaustein"]

1. d4 Nf6 2. Nf3 d5 3. e3 e6 4. Be2 Nbd7 5. b3 Be7 6. O-O O-O 7. c4 c6 8. Ba3
b6 9. Bxe7 Qxe7 10. Nbd2 Bb7 11. cxd5 cxd5 12. Bd3 Rac8 13. Rc1 h6 14. Rc2 Ne4
15. Qa1 Rxc2 16. Bxc2 Rc8 17. Rc1 Ndf6 18. Nxe4 Nxe4 19. Bd3 g6 20. h3 Qa3 21.
Rxc8+ Bxc8 22. Bxe4 dxe4 23. Nd2 Bb7 24. Nc4 Qe7 25. Qe1 Kg7 26. Qa1 Bd5 27.
Nd2 Qc7 28. Qb2 f5 29. Nf1 g5 30. g3 Kf6 31. Qd2 e5 32. dxe5+ Qxe5 33. Qd4 Qxd4
34. exd4 f4 35. g4 Ke6 36. Nd2 b5 37. Kf1 Bc6 38. b4 Kd5 39. Nb3 Ba8 40. Ke2
Kc4 41. Kd2 Kxb4 42. Kc2 Bd5 43. Kb2 Bxb3 44. axb3 a5 45. d5 Kc5 46. d6 Kxd6
0-1

[Event "Senioren 2018"]
[Site "Bad Woerishofen"]
[Date "2018.02.26"]
[Round "4"]
[White "Narr, Irmgard"]
[Black "Niedermaier, Peter"]
[Result "0-1"]
[WhiteElo "1679"]
[BlackElo "1817"]
[PlyCount "108"]
[EventDate "2018.??.??"]
[WhiteTeam "SC Mühlhof-Reichelsdorf"]
[BlackTeam "SU Ebersberg-Grafing"]

1. e4 c5 2. Bc4 d6 3. Nf3 Nc6 4. d3 Nf6 5. Ng5 e6 6. Be3 Be7 7. Nf3 O-O 8. O-O
a6 9. a3 b5 10. Bb3 Bb7 11. Re1 Na5 12. Ba2 Qc7 13. Nbd2 Ng4 14. Nf1 Nxe3 15.
Nxe3 Bf6 16. c3 Rfd8 17. Rc1 c4 18. Ng4 Be7 19. Bb1 Nb3 20. Rc2 cxd3 21. Qxd3
Nc5 22. Qd1 Bxe4 23. Rd2 Bxb1 24. Qxb1 Rac8 25. Rde2 Nd7 26. Nd4 Nf6 27. Nxf6+
Bxf6 28. Nf3 g6 29. Nd2 d5 30. Nf1 d4 31. cxd4 Rxd4 32. g3 Rcd8 33. b3 Qd6 34.
Qa2 Be7 35. b4 Bg5 36. Kg2 Qc6+ 37. f3 Rd3 38. Rf2 Rc3 39. Re5 Bh6 40. h4 Rdd3
41. Nh2 Rxa3 42. Qb1 Rdb3 43. Qd1 Rxb4 44. Qd8+ Bf8 45. Ng4 Qd6 46. Rd2 Qxd8
47. Rxd8 Rb2+ 48. Kh3 Kg7 49. h5 Rxf3 50. Rg5 h6 51. Rc5 Rbb3 52. Kh4 f5 53.
Rcc8 fxg4 54. Rd7+ Rf7 0-1

[Event "Senioren 2018"]
[Site "Bad Woerishofen"]
[Date "2018.02.26"]
[Round "4"]
[White "Plischke, Berthold"]
[Black "Rampp, Gerhard"]
[Result "0-1"]
[WhiteElo "1961"]
[BlackElo "2067"]
[PlyCount "104"]
[EventDate "2018.??.??"]
[WhiteTeam "SV Wesel"]
[BlackTeam "TSV Haunstetten"]

1. e4 e6 2. d4 d5 3. Nc3 dxe4 4. Nxe4 Nd7 5. Nf3 Ngf6 6. Nxf6+ Nxf6 7. Bg5 Be7
8. Qd2 Ne4 9. Bxe7 Nxd2 10. Bxd8 Nxf3+ 11. gxf3 Kxd8 12. f4 Ke7 13. Bg2 Rd8 14.
Rd1 Rb8 15. O-O b6 16. Rfe1 Kf6 17. d5 exd5 18. Bxd5 Bf5 19. c3 Rd6 20. Bf3
Rbd8 21. Kg2 Be6 22. a3 Rd2 23. Rxd2 Rxd2 24. Re2 Rd8 25. Re1 Bb3 26. Kg3 a5
27. Re5 c5 28. Re1 h6 29. h4 Rd2 30. Re2 Rd1 31. Re8 Rg1+ 32. Kh2 Rb1 33. Re2
Bc4 34. Rd2 Ke7 35. Kg2 g6 36. Bg4 h5 37. Bf3 Ke6 38. Be4 Re1 39. Bf3 Kf5 40.
Rd6 Re6 41. Rd7 Re1 42. Kg3 Rg1+ 43. Kh2 Rb1 44. Rd2 Kxf4 45. Bg2 Kg4 46. b4
Rb3 47. Rd6 Rxc3 48. Rxb6 cxb4 49. axb4 a4 50. Rc6 a3 51. b5 a2 52. Ra6 Rc1 0-1

[Event "Senioren 2018"]
[Site "Bad Woerishofen"]
[Date "2018.02.26"]
[Round "4"]
[White "Reichwald, Klaus"]
[Black "Rothenhagen, Siegfried"]
[Result "1/2-1/2"]
[WhiteElo "1813"]
[BlackElo "1775"]
[PlyCount "66"]
[EventDate "2018.??.??"]
[WhiteTeam "SC Lohhof"]
[BlackTeam "Sportfr.Windach"]

1. e4 d5 2. exd5 Qxd5 3. Nc3 Qd8 4. d4 Nf6 5. Nf3 Bg4 6. Be2 e6 7. a3 Be7 8.
Be3 Nbd7 9. h3 Bxf3 10. Bxf3 c6 11. O-O O-O 12. Ne2 Nb6 13. b3 Nbd5 14. Bd2 Qc7
15. c4 Nb6 16. Bf4 Qd7 17. Qc2 Rad8 18. Rad1 Qc8 19. a4 h6 20. Ng3 Bb4 21. Be5
Nbd7 22. Bf4 Rfe8 23. Qe2 Nb6 24. Be5 Nbd7 25. Bf4 Ba5 26. Ne4 Bc7 27. Nd6 Bxd6
28. Bxd6 Nb6 29. Be5 Nbd7 30. Bg3 Nf8 31. Be5 N8d7 32. Bg3 Nb6 33. Be5 Nbd7
1/2-1/2